Komenského pomník v Amsterodame

Správa o rozhodnutí spolku pre vybudovanie pomníka J. A. Komenského v Amsterdame zadať jeho tvorbu sochárom Laudovi a Žaludovi

Bibliographic Details
Format: Article
Language:Slovak
Subjects:

MARC

LEADER 00000nab a22000001a 4500
001 vtls010308241
003 SK-MaSNL
005 20260305044400.0
008 110902d19330205xo |r|p|||| |000 b|slo
015 |a SNBRRBVU1918-1938 
038 |a SNKBUCL 
040 |a SNKBUVU  |b slo  |c SNKBUCL  |e AACR2 
041 0 |a slo 
044 |a xo  |c SK 
080 |a 730.071.1  |2 1997 
080 |a 725.94  |2 1997 
245 0 0 |a Komenského pomník v Amsterodame 
500 |a V rubrike Z kultúrneho života 
520 |a Správa o rozhodnutí spolku pre vybudovanie pomníka J. A. Komenského v Amsterdame zadať jeho tvorbu sochárom Laudovi a Žaludovi 
600 1 7 |a Lauda, Jan,  |d 1898-1959  |2 MM  |9 1627618 
600 1 7 |a Žalud, Václav,  |d 1894-1977  |2 MM  |9 1627619 
600 1 7 |a Komenský, Jan Amos,  |d 1592-1670  |2 MM  |9 10137 
650 0 7 |a české sochárstvo  |2 MM  |9 3045 
650 0 7 |a pomníky  |2 MM  |9 3013 
651 7 |a Amsterdam (Holandsko)  |2 MM  |9 24492 
773 0 |t Slovenský denník  |g Roč. 16, č. 30 (5.2.1933), s. 5 
852 |a SNK  |b KIS3GCP 
910 |a snkrbvumm 
958 |a VY 
999 |c 3358310  |d 3360240